Flags With the Color Black - Statistics

General Stats
  • This quiz has been taken 11 times
  • The average score is 33 of 59
Answer Stats
Picture Answer % Correct
Albania
100%
South Korea
100%
Belgium
89%
Germany
89%
Afghanistan
78%
Bhutan
78%
Estonia
78%
Jamaica
78%
Jordan
78%
Malta
78%
South Africa
78%
Syria
78%
Vatican City
78%
Barbados
67%
Cambodia
67%
Egypt
67%
Iraq
67%
Kenya
67%
Libya
67%
Mexico
67%
Moldova
67%
San Marino
67%
United Arab Emirates
67%
Antigua and Barbuda
56%
Bahamas
56%
Belize
56%
Ecuador
56%
Fiji
56%
Ghana
56%
Kuwait
56%
Liechtenstein
56%
Malawi
56%
Tanzania
56%
Yemen
56%
Brunei
44%
Dominica
44%
Guyana
44%
Mozambique
44%
Papa New Guinea
44%
Paraguay
44%
São Tomé and Príncipe
44%
South Sudan
44%
St. Kitts and Nevis
44%
St. Lucia
44%
Sudan
44%
Trinidad & Tobago
44%
Uganda
44%
Zambia
44%
Zimbabwe
44%
Angola
33%
Botswana
33%
East Timor
33%
El Salvador
33%
Equatorial Guinea
33%
Eswatini
33%
Haiti
33%
Lesotho
33%
Guinea-Bissau
22%
Vanuatu
22%
No matching quizzes found
Score Distribution
Percent of People with Each Score
Percentile by Number Answered
Your Score History
You have not taken this quiz